Zmeny v zákone o dani z príjmov od 1. januára 2011

Informácia o zmenách v zákone o dani z príjmov. Tieto zmeny v podstatnej miere majú vplyv na vyčíslenie základu dane fyzicických osôb.

Saved in:
Bibliographic Details
Main Author: Murínová, Mária
Format: Book Chapter
Language:Slovak
Subjects:
Tags: Add Tag
No Tags, Be the first to tag this record!

MARC

LEADER 00000naa a2200000 4500
001 0128403
005 20231207110652.4
041 0 |a slo 
044 |a SK 
245 1 0 |a Zmeny v zákone o dani z príjmov od 1. januára 2011  |c Mária Murínová 
520 |a Informácia o zmenách v zákone o dani z príjmov. Tieto zmeny v podstatnej miere majú vplyv na vyčíslenie základu dane fyzicických osôb. 
610 2 0 |a Slovensko 
610 2 0 |a zákony 
610 2 0 |a novelizácia 
610 2 0 |a osoby fyzické 
610 2 0 |a dane z príjmov 
100 1 |a Murínová, Mária